50 Biggest Cities in United States - Statistics

General Stats
  • This quiz has been taken 89 times
    50 since last reset
  • The average score is 35 of 50
Answer Stats
Population City % Correct
2.700.000 Chicago
97%
2.300.000 Houston
97%
3.900.000 Los Angeles
97%
8.800.000 New York City
97%
650.000 Boston
94%
1.400.000 San Diego
91%
960.000 Austin
88%
630.000 Detroit
88%
460.000 Miami
88%
870.000 San Francisco
88%
1.600.000 Philadelphia
85%
880.000 Charlotte
82%
1.300.000 Dallas
82%
720.000 Denver
82%
1.600.000 Phoenix
82%
1.000.000 San Jose
82%
510.000 Atlanta
79%
430.000 Minneapolis
79%
1.400.000 San Antonio
79%
740.000 Seattle
79%
680.000 Washington D.C.
79%
890.000 Indianapolis
76%
660.000 Las Vegas
76%
950.000 Jacksonville
73%
510.000 Kansas City
73%
620.000 Memphis
73%
630.000 Portland
73%
570.000 Baltimore
70%
400.000 Tampa
70%
620.000 Louisville
67%
550.000 Tucson
67%
900.000 Columbus
64%
920.000 Fortworth
64%
530.000 Sacramento
64%
560.000 Albuquerque
61%
560.000 Milwaukee
61%
550.000 Fresno
58%
480.000 Raleigh
58%
690.000 Nashville
55%
440.000 Oakland
55%
680.000 El Paso
52%
510.000 Mesa
52%
480.000 Omaha
52%
410.000 Tulsa
52%
450.000 Virginia Beach
45%
410.000 Bakersfield
39%
450.000 Long Beach
39%
490.000 Colorado Springs
33%
400.000 Arlington
27%
400.000 Wichita
27%
No matching quizzes found
Score Distribution
Percent of People with Each Score
Percentile by Number Answered
Your Score History
You have not taken this quiz since the last reset